| 000 | 00768nam a2200229 4500 | ||
|---|---|---|---|
| 008 | 171115b xxu||||| |||| 00| 0 eng d | ||
| 020 | _a0-8385-1374-3 | ||
| 082 |
_21999 _aDC 610.7301 _bB22 |
||
| 100 |
_923313 _aBandman, Elsie L., author. |
||
| 245 |
_aCritical thinking in nursing/ _cElsie L. Bandman, Bertram Bandman. |
||
| 250 | _aSecond edition. | ||
| 260 |
_aNortwalk, Connecticut: _bAppleton & Lange, _c©1999. |
||
| 300 |
_axi, 306 pages; _c23 cm. |
||
| 500 | _aIncludes bibliographical references and index. | ||
| 650 | 0 |
_923319 _aNursing _xPhilosophy |
|
| 650 | 0 |
_923320 _aCritical thinking. |
|
| 650 | 0 |
_923321 _aReasoning. |
|
| 650 | 0 |
_923322 _aThinking. |
|
| 650 | 0 |
_923323 _a Nursing Process. |
|
| 700 |
_923324 _aBandman, Bertram. |
||
| 942 |
_2ddc _cDC |
||
| 999 |
_c7743 _d7743 |
||